000 00854nam a22002537a 4500
003 NALT
005 20250827142907.0
008 s2015 eng d
020 _a9780415633048
040 _aNALT
041 _aeng
050 _aDT 107.87
_bA22E 2015
100 _aAbderlrahman, Maha
_966511
245 1 0 _aEgypt's long revolution :
_bprotest movements and uprisings /
_cMaha Abderlrahman.
260 _aLondon :
_bRoutledge,
_c2015.
300 _a162 p. :
_btables ;
_c24 cm.
650 0 4 _aEgypt -- Social conditions -- 21st century
650 0 4 _aEgypt -- Politics and government -- 21st century
650 0 _aRevolutions
_zEgypt
_y21st century
_966514
650 0 _aProtest movements
_zEgupt
_xHistory
_y21st century
_966513
651 0 _aEgypt
_xSocial conditions
_y21st century
_966512
850 _aNALT
942 _cGB
_2lcc
999 _c74010
_d74010
998 _j104
_k นางสาวสายฝน ดีงาม